[Event "IECC M1-2007.T50"]
[Site "IECC email"]
[Date "2007.10.04"]
[Round "?"]
[White "Maggiora, Aldo"]
[Black "Reilly, Harry J"]
[Result "1-0"]
[WhiteElo "1584"]
[BlackElo "1390"]
[PlyCount "53"]
[EventDate "2007.??.??"]
[EventType "match (corr)"]
[EventRounds "2"]
[SourceTitle "Corr 2011"]
[Source "ChessBase"]
[SourceDate "2010.08.31"]
[SourceVersion "1"]
[SourceVersionDate "2010.08.31"]
[SourceQuality "1"]
[WhiteTeam "US of America"]
[BlackTeam "South Africa"]
[WhiteTeamCountry "USA"]
[BlackTeamCountry "RSA"]

1. e4 c5 2. Nf3 d6 3. Nc3 Nc6 4. Bc4 Nf6 5. d4 cxd4 6. Nxd4 Bd7 7. Nxc6 Bxc6 8. Qe2 e6 9. Bf4 Qb6 10. 0-0-0 e5 11. Be3 Qa5 12. f3 Rd8 13. Qe1 d5 14. Nxd5 Rxd5 15. exd5 Qxe1 16. Rhxe1 Bd7 17. d6 a6 18. Bf4 Be6 19. Rxe5 Nd7 20. Bxe6 Nxe5 21. d7+ Nxd7 22. Bxd7+ Kd8 23. Bc6+ Ke7 24. Bxb7 Kf6 25. Rd8 g6 26. Re8 Rg8 27. Be5+ 1-0

[Event "IECC M1-2007.T17"]
[Site "IECC email"]
[Date "2007.06.13"]
[Round "?"]
[White "Tortorice, Scott D"]
[Black "Reilly, Harry J"]
[Result "0-1"]
[WhiteElo "1264"]
[BlackElo "1379"]
[PlyCount "88"]
[EventDate "2007.??.??"]
[EventType "match (corr)"]
[EventRounds "2"]
[SourceTitle "Corr 2011"]
[Source "ChessBase"]
[SourceDate "2010.08.31"]
[SourceVersion "1"]
[SourceVersionDate "2010.08.31"]
[SourceQuality "1"]
[WhiteTeam "US of America"]
[BlackTeam "South Africa"]
[WhiteTeamCountry "USA"]
[BlackTeamCountry "RSA"]

1. e4 d5 2. exd5 Nf6 3. c4 c6 4. dxc6 Nxc6 5. d3 e5 6. Nc3 Bc5 7. Be3 Bxe3 8. fxe3 Qb6 9. Qd2 Be6 10. Nf3 Rd8 11. Ng5 Bxc4 12. Na4 Qb5 13. b3 Bxd3 14. Nc3 Qa6 15. Bxd3 Rxd3 16. Qe2 Rxc3 17. Qxa6 bxa6 18. Kd2 Rc5 19. Rac1 Rd5+ 20. Ke2 Rd6 21. Rc4 0-0 22. Rhc1 Nd8 23. Rc7 Rd7 24. Nf3 Rxc7 25. Rxc7 e4 26. Nd4 Nd5 27. Rxa7 Nc3+ 28. Kd2 Nxa2 29. Rxa6 Nb4 30. Ra4 Ndc6 31. Kc3 Nd5+ 32. Kd2 Nxd4 33. Rxd4 Nf6 34. b4 Rb8 35. h3 Kf8 36. g4 h6 37. Kc3 Ke7 38. Kb3 Ke6 39. h4 Ke5 40. g5 hxg5 41. hxg5 Nd5 42. Ka4 f6 43. g6 f5 44. Rc4 Nb6+ 0-1

[Event "IECC KO email"]
[Site "IECC email"]
[Date "2002.10.06"]
[Round "?"]
[White "Reilly, Harry J"]
[Black "Hoefer, Hans Peter"]
[Result "0-1"]
[WhiteElo "1534"]
[BlackElo "2044"]
[PlyCount "56"]
[EventDate "2002.??.??"]
[EventType "tourn (corr)"]
[EventRounds "6"]
[SourceTitle "Corr 2008"]
[Source "ChessBase"]
[SourceDate "2008.06.24"]
[SourceVersion "1"]
[SourceVersionDate "2008.06.24"]
[SourceQuality "1"]

1. f4 d5 2. Nf3 Nf6 3. e3 g6 4. c4 Bg7 5. cxd5 0-0 6. Bc4 Nxd5 7. Nc3 Nb6 8. Bb3 c5 9. 0-0 Nc6 10. Ne4 c4 11. Bc2 Nb4 12. a3 Nxc2 13. Qxc2 Bf5 14. Nh4 Bg4 15. f5 Be2 16. fxg6 e6 17. gxh7+ Kh8 18. Nf3 Bd3 19. Qd1 Bxe4 20. a4 Bd3 21. Rf2 Nd7 22. Ne1 Nc5 23. Nxd3 Nxd3 24. Rf1 Qh4 25. Qe2 Be5 26. g3 Qxh7 27. Rf3 Rg8 28. Ra3 Nxc1 0-1

[Event "IECC M email"]
[Site "IECC email"]
[Date "2000.10.20"]
[Round "?"]
[White "Fantoni, Franco"]
[Black "Reilly, Harry J"]
[Result "1-0"]
[WhiteElo "1656"]
[BlackElo "1553"]
[PlyCount "121"]
[EventDate "2000.??.??"]
[EventType "tourn (corr)"]
[EventRounds "2"]
[SourceTitle "Corr 2008"]
[Source "ChessBase"]
[SourceDate "2008.06.24"]
[SourceVersion "1"]
[SourceVersionDate "2008.06.24"]
[SourceQuality "1"]

1. e4 d5 2. Nc3 dxe4 3. Nxe4 e5 4. Nf3 Nc6 5. Bb5 Bd7 6. Qe2 Qe7 7. Nc3 f6 8. 0-0 0-0-0 9. d3 Nd4 10. Nxd4 exd4 11. Qxe7 Nxe7 12. Bxd7+ Rxd7 13. Ne4 Nc6 14. Bd2 Be7 15. a3 f5 16. Ng3 g6 17. Rae1 Bf6 18. Re6 Rf8 19. Bh6 Rff7 20. Re8+ Rd8 21. Re6 Rd5 22. Rfe1 Re5 23. R1xe5 Bxe5 24. f4 Bf6 25. Kf2 Kd7 26. Re2 Re7 27. Bf8 Rxe2+ 28. Nxe2 Ke6 29. b4 a6 30. h3 h5 31. Kf3 b6 32. Bh6 Ne7 33. Bg5 c5 34. Bxf6 Kxf6 35. c3 Nc6 36. cxd4 cxb4 37. d5 bxa3 38. dxc6 Ke6 39. Nd4+ Kd6 40. Nc2 a2 41. Ke2 a5 42. Kd2 Kxc6 43. Kc3 Kd5 44. Kb2 a1Q+ 45. Nxa1 Kd4 46. Kc2 Ke3 47. Kc3 Kxf4 48. Kc4 g5 49. d4 g4 50. h4 Ke4 51. Nb3 f4 52. Nd2+ Kf5 53. Kb5 f3 54. gxf3 g3 55. Nf1 g2 56. Ne3+ Ke6 57. Nxg2 Kd5 58. Nf4+ Kxd4 59. Nxh5 Ke5 60. Ng3 Kf6 61. Ne4+ 1-0

[Event "IECC Swiss email"]
[Site "IECC email"]
[Date "2000.01.16"]
[Round "?"]
[White "Reilly, Harry J"]
[Black "Kamanul, Muhammad"]
[Result "0-1"]
[WhiteElo "1610"]
[BlackElo "1633"]
[PlyCount "82"]
[EventDate "2000.??.??"]
[EventType "tourn (corr)"]
[EventRounds "6"]
[SourceTitle "Corr 2008"]
[Source "ChessBase"]
[SourceDate "2008.06.24"]
[SourceVersion "1"]
[SourceVersionDate "2008.06.24"]
[SourceQuality "1"]

1. f4 Nf6 2. Nf3 c5 3. e3 b6 4. Nc3 Bb7 5. b3 g6 6. Bb2 Bg7 7. Be2 0-0 8. 0-0 d6 9. Rb1 Nbd7 10. Ng5 d5 11. Bf3 h6 12. Nh3 Ne4 13. Nf2 f5 14. Ncxe4 dxe4 15. Be2 Nf6 16. c4 Qc7 17. d4 Rad8 18. Qc1 e6 19. dxc5 bxc5 20. Be5 Qc6 21. Qc3 Rf7 22. Rfd1 Nd7 23. Bxg7 Rxg7 24. Rd2 Re8 25. Rbd1 Ree7 26. Rd6 Qc7 27. Qd2 Kh7 28. b4 e5 29. fxe5 Nxe5 30. bxc5 Qxc5 31. Qd4 Qa3 32. Rd2 Nc6 33. Qb2 Qxe3 34. R6d5 f4 35. Bf1 f3 36. g3 a6 37. c5 Rgf7 38. Rd1 Na5 39. R5d4 Qg5 40. Nxe4 Rxe4 41. R1d2 Qe3+ 0-1

[Event "IECC M email"]
[Site "IECC email"]
[Date "1999.12.03"]
[Round "?"]
[White "Hughes, Michael P"]
[Black "Reilly, Harry J"]
[Result "1-0"]
[WhiteElo "1529"]
[BlackElo "1667"]
[PlyCount "89"]
[EventDate "1999.??.??"]
[EventType "tourn (corr)"]
[EventRounds "6"]
[SourceTitle "Corr 2008"]
[Source "ChessBase"]
[SourceDate "2008.06.24"]
[SourceVersion "1"]
[SourceVersionDate "2008.06.24"]
[SourceQuality "1"]

1. e4 d5 2. d4 dxe4 3. Nc3 Nf6 4. Be2 Bf5 5. f3 exf3 6. Nxf3 e6 7. Bf4 Bd6 8. Qd2 Bxf4 9. Qxf4 c6 10. 0-0-0 Nd5 11. Nxd5 cxd5 12. Bb5+ Nc6 13. Ne5 Qc7 14. Bxc6+ bxc6 15. Rhf1 0-0 16. g4 Bg6 17. g5 f6 18. Nxg6 e5 19. dxe5 hxg6 20. exf6 Qxf4+ 21. Rxf4 gxf6 22. gxf6 Kf7 23. Rdf1 Rh8 24. h4 Rac8 25. R1f3 Rh5 26. Re3 Rc7 27. b4 Rf5 28. Rxf5 gxf5 29. Re7+ Rxe7 30. fxe7 Kxe7 31. Kd2 Kf6 32. Ke3 Ke5 33. h5 f4+ 34. Kf3 Kf5 35. h6 Kg6 36. Kxf4 Kxh6 37. Ke5 Kg5 38. Kd6 Kf4 39. Kxc6 Ke5 40. a4 Kd4 41. a5 Kc4 42. b5 d4 43. b6 axb6 44. axb6 Kc3 45. Kc5 1-0

[Event "IECC M email"]
[Site "IECC email"]
[Date "1999.12.03"]
[Round "?"]
[White "Reilly, Harry J"]
[Black "Hughes, Michael P"]
[Result "1-0"]
[WhiteElo "1657"]
[BlackElo "1539"]
[PlyCount "67"]
[EventDate "1999.??.??"]
[EventType "tourn (corr)"]
[EventRounds "6"]
[SourceTitle "Corr 2008"]
[Source "ChessBase"]
[SourceDate "2008.06.24"]
[SourceVersion "1"]
[SourceVersionDate "2008.06.24"]
[SourceQuality "1"]

1. f4 d5 2. c4 Nf6 3. cxd5 e6 4. dxe6 fxe6 5. Nf3 Nc6 6. Nc3 Qe7 7. e3 Bd7 8. Bb5 0-0-0 9. Ne5 Nxe5 10. fxe5 Nd5 11. Nxd5 exd5 12. Bxd7+ Rxd7 13. d4 Qh4+ 14. g3 Qh3 15. Qe2 Bb4+ 16. Bd2 Bxd2+ 17. Qxd2 Rf8 18. 0-0-0 Kb8 19. Qe2 Rdf7 20. Rd2 Qe6 21. Rc2 c6 22. b3 Qh3 23. Rg1 Rf1+ 24. Rxf1 Rxf1+ 25. Kb2 Qf5 26. g4 Qf7 27. e6 Qxe6 28. Qxf1 Qxe3 29. Qf8+ Kc7 30. Qxg7+ Kb6 31. Qe5 Qf3 32. Qe2 Qf6 33. Kb1 Qxd4 34. Qf2 1-0